Arrendamiento de útero
-д хадгалсан:
| Үндсэн зохиолч: | |
|---|---|
| Формат: | Ном |
| Хэл сонгох: | испани |
| Хэвлэсэн: |
Santiago
Jurídica Conosur
1996
|
| Нөхцлүүд: | |
| Шошгууд: |
Шошго нэмэх
Шошго байхгүй, Энэхүү баримтыг шошголох эхний хүн болох!
|
MARC
| LEADER | 00000nam a2200000 a 4500 | ||
|---|---|---|---|
| 001 | UCO8721 | ||
| 003 | CL-VaPUC | ||
| 008 | 001221e19960000CL |||||||||||||||||spa|d | ||
| 082 | 0 | 4 | |a 346.024 |b SIL |2 21 |
| 100 | 0 | |a Silva Salcedo, Paulina |e author |9 453561 | |
| 245 | 1 | 0 | |a Arrendamiento de útero |
| 300 | |a 324 p | ||
| 942 | |c BK | ||
| 945 | |d 20001221 00:00:00 |a vberengu | ||
| 260 | |a Santiago |b Jurídica Conosur |c 1996 | ||
| 650 | 7 | |a MATERNIDAD SUBROGADA |2 CL-VaPUC |9 453562 | |
| 650 | 0 | |a Derecho y legislación |9 255077 | |
| 650 | 0 | |a Inseminación artificial |9 338967 | |
| 650 | 0 | |a Bioética |9 256117 | |
| 650 | 0 | |a Incumplimiento de los contratos |9 385193 | |
| 650 | 0 | |a Nulidad de los contratos |9 356193 | |
| 583 | |a last modification |c 20001221 00:00:00 |k Rodrigo Vera | ||
| 999 | |c 293190 |d 293188 | ||
| 952 | |0 0 |1 0 |4 0 |6 346_024000000000000_SIL_1996 |7 0 |8 A |9 344527 |a BIBDER |b BIBDER |d 2019-11-20 |i 367262K |l 2 |o 346.024 SIL 1996 |p 367262K |r 2023-01-25 |s 2021-05-31 |w 2019-11-20 |y BK |k DER | ||